| 000 | 00489nam a2200133Ia 4500 | ||
|---|---|---|---|
| 008 | 220216s9999 xx 000 0 und d | ||
| 100 | _aAkiefnawati Ratna | ||
| 245 | 0 | _aImproving quality of rubber and market mechanism at the farmer level in Bungo, Jambi province, Indonesia | |
| 260 | _bPreprints of Papers. International Natural Rubber Conference 13-14 November 2006, Vietnam, pp.565-570. | ||
| 650 | _aIndonesia | ||
| 650 | _aMarket mechanism | ||
| 700 | _aJoshi Laxman | ||
| 942 | _cJS | ||
| 999 |
_c60897 _d60897 |
||